O úloze osobnosti v dějinách
Guardado en:
| Formato: | Libro |
|---|---|
| Lenguaje: | checo |
| Publicado: |
Praha
Svoboda
1949
|
| Etiquetas: |
Sin Etiquetas, Sea el primero en etiquetar este registro!
|
MARC
| LEADER | 00000nam a2200000 4500 | ||
|---|---|---|---|
| 001 | 0307839 | ||
| 005 | 20250326130600.6 | ||
| 041 | 0 | |a cze | |
| 044 | |a CZ | ||
| 245 | 1 | 0 | |a O úloze osobnosti v dějinách |c G. V. Plechanov |
| 264 | 1 | |a Praha |b Svoboda |c 1949 | |